000 00329nam a2200133Ia 4500
005 20251222155127.0
008 251222s9999||||xx |||||||||||||| ||spa||
082 _aEDUM.20
100 _aFLORES OCHOA,Rafael.
245 0 _aInvestigación Educativa y pedagógica
250 _a1ra. ed.
264 _bMc Graw - Hill
942 _cLIB
999 _c38656
_d38656